| 000 | nam a22 7a 4500 | ||
|---|---|---|---|
| 999 |
_c349712 _d349712 |
||
| 003 | BLK | ||
| 005 | 20200327214134.0 | ||
| 008 | 200327b bu ||||| |||| 00| 0 bu d | ||
| 040 | _aBLK | ||
| 041 |
_aBUL _cBUL |
||
| 080 |
_b329.15 _x(47+57)(042) _z329.15(47+57)(042) |
||
| 100 | 1 |
_955113 _aГорбачов, Михаил Сергеевич _eпърви автор |
|
| 110 |
_9359692 _aЦК КПСС |
||
| 111 |
_aКПСС. 19 Общосъюзна конференция _cМосква _d1988 _9402852 |
||
| 139 | _aГорбачов, Михаил Сергеевич | ||
| 245 |
_aЗа хода на изпълнението на решенията на XXVII конгрес на КПСС и задачите за задълбочаване на преустройството _bДокл. и заключ. слово пред XIX общосъюзна конф. на КПСС 28 юни - 1 юли 1988 г. _cМихаил Сергеевич Горбачов |
||
| 257 | _aBGR | ||
| 260 |
_9211414 _bПартиздат _aСофия _c1988 |
||
| 300 |
_a112 с. _c20 см |
||
| 380 | _a3 | ||
| 650 | 0 |
_9317103 _aКПСС - пленуми |
|
| 653 | 7 |
_9189302 _aКПСС |
|
| 852 |
_aЦб 153807 _bЦб |
||
| 942 |
_cKNG _n0 _s1 |
||
| 944 |
_aCR _c2020-03-27 _kН. Р. _l2020-03-27 |
||
| 999 | _d349712 | ||